000 00332 a2200157 4500
001 193139
020 _a978-85-7488-725-8
040 _cMagnum
100 _aSousa, MaurĂ­cio de
240 1 0 _aO gato de botas
_lpor
245 1 0 _aO gato de botas
300 _a16
362 0 _a2008
697 _aLITERATURA INFANTO
942 _cBK
999 _c193139
_d193139